Statistics for Countries Closest to Cent African Rep - 30 Sec Map Sprint

Click here to take the quiz!

General Stats

  • This quiz has been taken 28 times
  • The average score is 12 of 20

Answers on the Map

Answers color-coded by a green-red scale on the quiz's map according to % correct below.
 

Answer Stats

country% Correct
Congo
96%
Dem Rep
of the Congo
96%
South Sudan
96%
Sudan
91%
Chad
87%
Cameroon
70%
Ethiopia
70%
Niger
70%
Nigeria
70%
Kenya
61%
Rwanda
61%
Uganda
57%
Gabon
48%
Burundi
43%
Tanzania
39%
Egypt
35%
Equatorial Guinea
35%
Libya
35%
Angola
30%
São Tomé
and Príncipe
26%

Score Distribution

Percentile by Number Answered

Percent of People with Each Score

Your Score History

You have not taken this quiz